Welcome to CU Library Online Public Access Catalogue (OPAC)

The substantive law of the EU : (Record no. 2861)

MARC details
000 -LEADER
fixed length control field 00666cam a2200193 i 4500
001 - CONTROL NUMBER
control field 20998047
005 - DATE AND TIME OF LATEST TRANSACTION
control field 20250122210753.0
008 - FIXED-LENGTH DATA ELEMENTS--GENERAL INFORMATION
fixed length control field 190603s2019 enka b 001 0 eng
020 ## - INTERNATIONAL STANDARD BOOK NUMBER
International Standard Book Number 9780198830894
Qualifying information (paperback)
050 00 - LIBRARY OF CONGRESS CALL NUMBER
Classification number KJE5170
Item number .B37 2019
100 1# - MAIN ENTRY--PERSONAL NAME
Personal name Barnard, Catherine,
Relator term author.
245 14 - TITLE STATEMENT
Title The substantive law of the EU :
Remainder of title the four freedoms /
Statement of responsibility, etc. Catherine Barnard.
250 ## - EDITION STATEMENT
Edition statement Sixth edition.
300 ## - PHYSICAL DESCRIPTION
Extent xcix, 636 pages :
Other physical details color illustrations, color maps ;
Dimensions 25 cm
650 #0 - SUBJECT ADDED ENTRY--TOPICAL TERM
Topical term or geographic name entry element Freedom of movement
Geographic subdivision European Union countries.
650 #0 - SUBJECT ADDED ENTRY--TOPICAL TERM
Topical term or geographic name entry element Free trade
Geographic subdivision European Union countries.
650 #0 - SUBJECT ADDED ENTRY--TOPICAL TERM
Topical term or geographic name entry element Law
Geographic subdivision European Union countries.
942 ## - ADDED ENTRY ELEMENTS (KOHA)
Source of classification or shelving scheme Library of Congress Classification
Koha item type Books
Suppress in OPAC No
999 ## -
-- 2861
-- 2861
Holdings
Withdrawn status Lost status Source of classification or shelving scheme Damaged status Not for loan Collection Home library Current library Shelving location Date acquired Total checkouts Full call number Barcode Date last seen Copy number Price effective from Koha item type
    Library of Congress Classification     Non-fiction Law Library (Christ Temple) Law Library (Christ Temple) General stacks 01/22/2025   KJE5170.B37 BAR LLCT00000259 01/22/2025 1 01/22/2025 Books
© 2023-2024 Copyright: Central University Libraries. All Rights Reserved | Created by: Mahone Tech Office